000 00969cgm a2200193 4500
001 3842
005 20181127172106.0
008 990218s1999 nyu 000 1 eng d
010 _a 99236288
100 1 _aChbosky, Stephen.
245 1 4 _aThe perks of being a wallflower /
_cStephen Chbosky.
300 _a1 videodisc (103 min.) :
_bsd., col. ;
_c4 3/4 in.
520 _aBased on the best-selling novel by Stephen Chbosky, THE PERKS OF BEING A WALLFLOWER is a modern classic that captures the dizzying highs and crushing lows of growing up. Starring Logan Lerman, Emma Watson and Ezra Miller, THE PERKS OF BEING A WALLFLOWER is a moving tale of love, loss, fear and hope and the unforgettable friends that help us through life.
650 _aHigh school students --Social conditions.
_v
_x
_y
_z
_2
650 _aHigh school students.
_v
_x
_y
_z
_2
650 _aInterpersonal relations.
_v
_x
_y
_z
_2
650 _aLetters.
_v
_x
_y
_z
_2
650 _aTeenagers.
_v
_x
_y
_z
_2
999 _c3143
_d3143